| 000 | 00552nam a2200193 a 4500 | ||
|---|---|---|---|
| 001 | 2409 | ||
| 003 | CDMR | ||
| 005 | 20130322131801.0 | ||
| 008 | 130130s2006||||||||||||||||||||||||||||d | ||
| 020 | _a8497911792 | ||
| 040 |
_aCDMR _bcat _cCDMR |
||
| 100 | 1 |
_aCosta i Deu, Joan _91599 |
|
| 245 | 1 | 3 |
_aLa veritat del 6 d'octubre _cJ. Costa i Deu, M. Sabaté ; [edició a cura d'Albert Balcells] |
| 260 |
_aValls _c2006 _bCossetània |
||
| 300 |
_a158 p ; _c21 cm |
||
| 490 | 0 |
_aMemòria del segle XX _v7 |
|
| 700 | 1 |
_91351 _aSabaté, Modest |
|
| 942 |
_cMON _2udc |
||
| 999 |
_c2409 _d2409 |
||